00643nam a22001337a 4500008004100000020001500041050002800056245028300084260004600367300002300413440003800436800001800474800001700492140902b xxu||||| |||| 00| 0 eng d a0406093679 aKD277.7.L39(1948 vol.1) aThe Law Reports (1948 vol.1) of the incorporated Council of law reporting. King's Bench Division and on appeal therefrom in the Court of Appeal decisions in the Court of Criminal Appeal and decisions of the Railway and Canal Commission. /cedited by Ralph Sulton and Henry Salt aLondon:bButterworth and Co. Ltd.,c1947. aviii,1747p.:c24cm pKings Bench Division, 1947vvol 1 aSulton, Ralph aSalt, Henry